000 00285nam a22001337a 4500
008 170926b xxu||||| |||| 00| 0 eng d
020 _a9781413031911
041 _aeng
080 _a37
100 _a46
101 _aEDU
245 _aSTEP BY STEP 2
_cGARDNER, J.N
942 _2udc
_cBK
999 _c29822
_d29822